| 000 | 00653nam a2200205Ia 4500 | ||
|---|---|---|---|
| 003 | OSt | ||
| 005 | 20260428085710.0 | ||
| 008 | 210210b1983 xxu||||| |||| 00| 0 eng d | ||
| 040 | _cAL | ||
| 041 | _aKannada | ||
| 082 | _a751.73K SASM | ||
| 100 |
_aSHASTRI (B V K). _d ಶಾಸ್ತ್ರಿ (ಬಿ ವಿ ಕೆ) _9262925 |
||
| 245 |
_aKarnatakada bhitti chitragalu. _bಕರ್ನಾಟಕದ ಭಿತ್ತಿ ಚಿತ್ರಗಳು |
||
| 260 |
_aBengaluru _bKarnataka Lalitakala Akademi _c1983 |
||
| 300 | _a15 | ||
| 650 |
_aKarnataka Bhitti Chitragalu Murals _9262926 |
||
| 690 |
_aPainting _9262927 |
||
| 906 | _a042810 | ||
| 942 |
_2ddc _cBK |
||
| 999 |
_c92379 _d92379 |
||